[Event "Open"]
[Site "Novy Bor CZE"]
[Date "2010.02.15"]
[Round "3"]
[White "Plischki,S"]
[Black "Bores,R"]
[Result "1/2-1/2"]
[WhiteElo "2364"]
[BlackElo "2185"]

1.d4 Nf6 2.c4 e6 3.Nc3 Bb4 4.Qc2 O-O 5.e4 d6 6.e5 dxe5 7.dxe5 Ng4 8.Nf3 Nc6
9.Bf4 Nd4 10.Qd2 Nxf3+ 11.gxf3 Qxd2+ 12.Kxd2 Rd8+ 13.Kc2 Nh6 14.Bxh6 Bxc3
15.Kxc3 gxh6 16.Rg1+ Kh8 17.Bd3 Bd7 18.Be4 Bc6 19.Bxc6 bxc6 20.Rg4 c5 21.Rag1 Rd7
22.Rf4 Rad8 23.Kb3 c6 24.Ka4 Rb7 25.a3 a5 26.Rg3 h5 27.Rg5 Rd2 28.Rxh5 Rdxb2
29.Re4 Ra2 30.Re3 Rb4+ 31.Kxa5 Rb8 32.Ka6 Rab2 33.Ka7 R2b7+ 34.Ka6 Rb6+ 35.Ka7 Kg7
36.f4 R8b7+ 37.Ka8 Rd7 38.f5 Rbb7 39.Rg5+ Kf8 40.fxe6 Ra7+  1/2-1/2

[Event "18th Fajr Open"]
[Site "Mashhad IRI"]
[Date "2010.02.26"]
[Round "10"]
[White "Ghane,S"]
[Black "Ibrahimov,R"]
[Result "1/2-1/2"]
[WhiteElo "2387"]
[BlackElo "2550"]

1.d4 Nf6 2.c4 e6 3.Nc3 Bb4 4.Qc2 O-O 5.a3 Bxc3+ 6.Qxc3 d6 7.f3 c5 8.dxc5 dxc5
9.Bf4 Qe7 10.O-O-O Ne8 11.e3 Nc6 12.Bd3 e5 13.Bg3 f5 14.Ne2 Nf6 15.Bc2 Nh5
16.Rd2 Nxg3 17.hxg3 Be6 18.g4 Rad8 19.Rxd8 Qxd8 20.gxf5 Bxf5 21.Ng3 Bxc2
22.Qxc2 h6 23.Qg6 Rf6 24.Qe4 Rf7 25.Qg6 Rf6 26.Qc2 Rf7 27.Ne4 b6 28.Qa4 Re7
29.Rd1 Rd7 30.Rxd7 Qxd7 31.Nc3 Kf7 32.Nd5 Nb8 33.Qc2 Nc6 34.Qe4 Qd6 35.Qf5+ Kg8
36.Qc8+ Kh7 37.Qb7 Qg6 38.b4 cxb4 39.axb4 Qd6 40.Qf7 Nxb4 41.Qf5+  1/2-1/2

[Event "TCh-ISL 2009-10"]
[Site "Rekjavik ISL"]
[Date "2010.03.05"]
[Round "6"]
[White "Berg,R"]
[Black "Grandelius,N"]
[Result "0-1"]
[WhiteElo "2129"]
[BlackElo "2537"]

1.d4 Nf6 2.c4 e6 3.Nc3 Bb4 4.Qc2 O-O 5.a3 Bxc3+ 6.Qxc3 d5 7.Bg5 dxc4 8.Qxc4 b6
9.Nf3 Ba6 10.Bxf6 Qxf6 11.Qa4 Bb7 12.Ne5 c5 13.Rd1 a6 14.Ng4 Qf4 15.Ne5 b5
16.Qa5 cxd4 17.Qb6 Bd5 18.Qxd4 Qf5 19.f3 f6 20.Nd3 Nc6 21.Qc3 Qg5 22.Qc1 Qh4+
23.g3 Qa4 24.Nc5 Qa5+ 25.b4 Nxb4  0-1

[Event "TCh-NED 2009-10"]
[Site "Netherlands NED"]
[Date "2010.03.06"]
[Round "7"]
[White "Span,P"]
[Black "Van Ketel,R"]
[Result "1-0"]
[WhiteElo "2315"]
[BlackElo "2241"]

1.d4 Nf6 2.c4 e6 3.Nc3 Bb4 4.Qc2 O-O 5.a3 Bxc3+ 6.Qxc3 b6 7.Bg5 Bb7 8.f3 h6
9.Bh4 d5 10.cxd5 Nxd5 11.Bxd8 Nxc3 12.Be7 Re8 13.Bh4 Nd5 14.Bf2 Nd7 15.e4 Ne7
16.Ne2 c5 17.Nc3 cxd4 18.Bxd4 Red8 19.Rd1 Nc6 20.Be3 Nc5 21.Be2 Rxd1+ 22.Kxd1 Rd8+
23.Kc2 Kf8 24.Rd1 Rxd1 25.Kxd1 Ke7 26.Kc2 Nd7 27.b4 Nf6 28.b5 Na5 29.Bd4 g5
30.Nd1 Ba8 31.Ne3 h5 32.a4 Nd7 33.Nc4 Nb7 34.Kc3 Nd6 35.Kb4 Nxc4 36.Bxc4 Kd6
37.a5 Bb7 38.h4 gxh4 39.Bf2 f5 40.exf5 exf5 41.Bxh4 Bd5 42.Bd3 Ke5 43.Bd8 Be6
44.axb6 axb6 45.Bc4 Bxc4 46.Kxc4 Kf4 47.Kd5 Kg3 48.Ke6 Nc5+ 49.Kxf5 Na4 50.f4 Nc3
51.Ke5 Nxb5 52.f5 Kxg2 53.f6 Na7 54.f7 Nc6+ 55.Ke4  1-0

[Event "TCh-SUI 2010"]
[Site "Switzerland SUI"]
[Date "2010.03.21"]
[Round "2.4"]
[White "Buss,Ra"]
[Black "Danner,G"]
[Result "0-1"]
[WhiteElo "2416"]
[BlackElo "2429"]

1.d4 Nf6 2.c4 e6 3.Nc3 Bb4 4.Qc2 O-O 5.a3 Bxc3+ 6.Qxc3 d6 7.f3 Nc6 8.Bg5 e5
9.d5 Ne7 10.e4 Ng6 11.Qd2 h6 12.Be3 Nh7 13.Bd3 f5 14.Ne2 Nh4 15.Nc3 f4 16.Bg1 Bh3
17.Bf1 Qg5 18.Nb5 Bxg2 19.Bxg2 Nxg2+ 20.Ke2 Rf7 21.Bxa7 Qh5 22.Rag1 Ng5 23.Rxg2 Nxf3
24.Qd3 Nh4+ 25.Kf1 Nxg2 26.Kxg2 f3+ 27.Kf2 Qh4+ 28.Ke3 Qg5+  0-1

[Event "Philadelphia Open"]
[Site "Philadelphia USA"]
[Date "2010.04.02"]
[Round "5"]
[White "Sarkar,J"]
[Black "Friedel,J"]
[Result "1-0"]
[WhiteElo "2378"]
[BlackElo "2543"]

1.d4 Nf6 2.c4 e6 3.Nc3 Bb4 4.Qc2 O-O 5.e4 d6 6.e5 dxe5 7.dxe5 Ng4 8.Nf3 Nd7
9.a3 Be7 10.Bf4 f6 11.O-O-O Ngxe5 12.Nxe5 fxe5 13.Bxe5 Bg5+ 14.Kb1 Bf4 15.Bxf4 Rxf4
16.g3 Rf8 17.Bh3 Qf6 18.Nb5 Qh6 19.Nxc7 Qxh3 20.Nxa8 Nc5 21.Nc7 e5 22.Ka2 Bg4
23.Rd2 Bf5 24.Qd1 Bg4 25.Qe1 Qh6 26.Rd5 Nd7 27.h3 Bf3 28.Rxd7 Qc6 29.Rxg7+ Kxg7
30.Qxe5+ Kg6 31.Rc1 Rc8 32.Ne6  1-0

[Event "Philadelphia Open"]
[Site "Philadelphia USA"]
[Date "2010.04.03"]
[Round "6"]
[White "Sarkar,J"]
[Black "Romanenko,Vl"]
[Result "0-1"]
[WhiteElo "2378"]
[BlackElo "2499"]

1.d4 Nf6 2.c4 e6 3.Nc3 Bb4 4.Qc2 O-O 5.e4 d5 6.e5 Ne4 7.Bd3 c5 8.Nf3 cxd4
9.Nxd4 dxc4 10.Bxe4 Qxd4 11.Bf4 h6 12.Rd1 Bxc3+ 13.Ke2 Qc5 14.Qxc3 Nc6 15.Qg3 Kh8
16.Bxh6 Qxe5 17.Qh4 Kg8 18.Be3 f5 19.Bxc6 bxc6 20.Qd4 Qb5 21.Qc3 f4 22.Bd4 e5
23.Bxe5 Re8 24.Kf3 Qxe5 25.Qxe5 Rxe5 26.Kxf4 Re2 27.Rhe1 Rxe1 28.Rxe1 Kf7
29.Rc1 Be6 30.h4 Bd5 31.f3 Re8 32.Rc2 Kf6 33.b3 cxb3 34.axb3 Rb8 35.Ra2 Rb7
36.Ra6 Rxb3 37.Rxa7 Rb2 38.g4 Rb3 39.g5+ Kg6 40.h5+ Kxh5 41.Rxg7 Rxf3+ 42.Ke5 Rf7
43.Rxf7 Bxf7 44.Kd6 Bd5 45.g6 Kxg6  0-1

[Event "9th Open"]
[Site "Weiz AUT"]
[Date "2010.04.15"]
[Round "1"]
[White "Raith,H"]
[Black "Eder,M"]
[Result "1-0"]
[WhiteElo "2103"]
[BlackElo "2176"]

1.c4 Nf6 2.Nc3 e6 3.d4 Bb4 4.Qc2 O-O 5.a3 Bxc3+ 6.Qxc3 b6 7.Bg5 d6 8.f3 Nbd7
9.e4 c5 10.Nh3 Qc7 11.Be2 cxd4 12.Qxd4 e5 13.Qc3 Ba6 14.Be3 Rfc8 15.Rc1 Rab8
16.Qb4 Nc5 17.a4 Bb7 18.b3 a5 19.Qc3 Ne6 20.Qd2 Nc5 21.Qb2 Na6 22.Nf2 Nd7
23.O-O Ndc5 24.Rfd1 Rd8 25.Rd2 Rd7 26.Rcd1 Rbd8 27.Bf1 Nb4 28.g3 f5 29.Bh3 f4
30.Bxc5 Qxc5 31.Bxd7 Rxd7 32.g4 Nc6 33.Kg2 Nd4 34.Rxd4 exd4 35.Qxd4 Qc7 36.Nh3 h5
37.gxh5 Qd8 38.Nf2 Qg5+ 39.Ng4 Re7 40.Re1 Re5 41.Kf1 Re7 42.Qxd6 Qh4 43.Qg6 Bc8
44.Rd1  1-0

[Event "Open"]
[Site "Bar MNE"]
[Date "2010.04.21"]
[Round "6"]
[White "Miron,L"]
[Black "Draskovic,L"]
[Result "1-0"]
[WhiteElo "2482"]
[BlackElo "2116"]

1.d4 Nf6 2.c4 e6 3.Nc3 Bb4 4.Qc2 O-O 5.a3 Bxc3+ 6.Qxc3 b6 7.Bg5 Bb7 8.Nh3 d6
9.f3 Nbd7 10.e4 c5 11.Be2 h6 12.Be3 Rc8 13.d5 exd5 14.cxd5 Re8 15.Qd2 Qe7
16.Rd1 Bxd5 17.Bf4 Bb3 18.Rc1 Ne5 19.O-O Be6 20.Nf2 Red8 21.Rfd1 Bb3 22.Re1 Ng6
23.Be3 Be6 24.f4 d5 25.exd5 Nxd5 26.Ba6 Nc7 27.Bxc8 Rxd2 28.Bxd2 Qf6 29.Bxe6 Nxe6
30.g3 Nd4 31.Re3 Qc6 32.Rcc3 Qb5 33.Rcd3 Nf8 34.Bc3 Nfe6 35.Re5 Qc6 36.Re4 a5
37.Ree3 a4 38.Ng4 Nxf4 39.gxf4 Qg6 40.Bxd4 cxd4 41.Rg3 Kh7 42.Nf2 Qd6 43.Rgf3 f5
44.Rd2 Qg6+ 45.Rg3 Qd6 46.Nd3 Qd5 47.Rdg2 g5 48.fxg5 h5 49.Rf2 Qe4 50.Rf4 Qe2
51.Rxf5 h4 52.Rf2 Qd1+ 53.Rf1 Qd2 54.g6+ Kg8 55.Rg2 Qe3+ 56.Nf2 d3 57.Rd1 Qe2
58.Rg4 d2 59.Rxh4 Qe1+ 60.Kg2 Qe3 61.Rg4 Kg7 62.Rg3 Qd4 63.Rd3 Qxb2 64.R1xd2 Qe5
65.Rg3 Qe6 66.h4 Qc6+ 67.Kh2 Qb5 68.Rdd3 Qc5 69.Rdf3 b5 70.Rf7+ Kg8 71.g7  1-0

[Event "7th Balagne Open"]
[Site "Calvi FRA"]
[Date "2010.04.26"]
[Round "2"]
[White "Shishkin,Va UKR"]
[Black "Gomez,Gu"]
[Result "1-0"]
[WhiteElo "2516"]
[BlackElo "2137"]

1.d4 Nf6 2.c4 e6 3.Nc3 Bb4 4.Qc2 O-O 5.Bg5 h6 6.Bh4 d6 7.Nf3 Nbd7 8.e3 b6
9.Bd3 Bb7 10.O-O Bxc3 11.Qxc3 Re8 12.Rad1 Qe7 13.Bc2 g5 14.Bg3 Ne4 15.Bxe4 Bxe4
16.Nd2 Bg6 17.Rde1 f5 18.f4 g4 19.e4 fxe4 20.Nxe4 Bxe4 21.Rxe4 Nf6 22.Re3 Qf7
23.Qd3 Qh7 24.Qe2 Qf5 25.Be1 Kf7 26.Bh4 Nh5 27.Re5 dxe5 28.fxe5 Nf4 29.Qe3 Qg6
30.Rxf4+ Kg8 31.Rf6 Qb1+ 32.Be1 Rf8 33.Rxh6 Rf7 34.Rh4 Qf5 35.h3 gxh3 36.Rxh3 Qf1+
37.Kh2 Qf4+ 38.Kh1 Raf8 39.d5 Rh7 40.Kg1 Rff7 41.Qxf4 Rxf4 42.b3 Rg7 43.d6 cxd6
44.exd6 Kf8 45.Rg3 Rxg3 46.Bxg3 Rf7 47.b4 Kg8 48.c5 bxc5 49.bxc5 Kf8 50.c6 Ke8
51.d7+  1-0

[Event "31st ch-BAN w"]
[Site "Narayanganj BAN"]
[Date "2010.04.27"]
[Round "4"]
[White "Chowdhury,M"]
[Black "Hamid,R"]
[Result "0-1"]
[WhiteElo "1794"]
[BlackElo "2033"]

1.d4 Nf6 2.c4 e6 3.Nc3 Bb4 4.Qc2 O-O 5.a3 Bxc3+ 6.Qxc3 d6 7.Nf3 b6 8.g3 Bb7
9.Bg2 Nbd7 10.O-O Qe7 11.Nd2 Bxg2 12.Kxg2 c5 13.e3 Rfd8 14.b3 Nf8 15.e4 Qb7
16.d5 Ng6 17.a4 Re8 18.Bb2 Qd7 19.Qf3 e5 20.Rfe1 h6 21.Nb1 Nh7 22.h4 Rf8
23.Qf5 Qd8 24.Bc1 Ne7 25.Qh3 a6 26.Nc3 Nf6 27.f4 exf4 28.Bxf4 Ng6 29.Bc1 Ne5
30.Qf5 Nd3 31.Re3 Nxc1 32.Rxc1 Re8 33.Rce1 Re5 34.Qf3 Qd7 35.Na2 b5 36.axb5 axb5
37.Nc1 bxc4 38.bxc4 Ree8 39.Nd3 Ng4 40.R3e2 Ne5 41.Nxe5 Rxe5 42.Qb3 Rae8
43.Qf3 Qa4 44.Qd3 Rb8 45.Rb1 Rxb1 46.Qxb1 Qxc4 47.Kf3 f5 48.Qb8+ Kh7 49.Qxd6 fxe4+
50.Kf4 Rxd5 51.Qe6 Qxe2 52.Qxd5 Qf3+ 53.Ke5 Qxg3+ 54.Kxe4 Qxh4+ 55.Kd3 Qd4+
56.Qxd4 cxd4 57.Kxd4 g5 58.Ke3 Kg6 59.Kf2 h5 60.Kf3 Kf5 61.Kg2 Kf4 62.Kf2 g4
63.Kg2 h4 64.Kf2 Ke4 65.Kg2 Ke3 66.Kf1 Kf3 67.Kg1 g3 68.Kf1 g2+ 69.Kg1 h3  0-1

[Event "31st ch-BAN w"]
[Site "Narayanganj BAN"]
[Date "2010.04.29"]
[Round "6"]
[White "Jahanara,H"]
[Black "Hamid,R"]
[Result "0-1"]
[WhiteElo "1543"]
[BlackElo "2033"]

1.d4 Nf6 2.c4 e6 3.Nc3 Bb4 4.Qc2 O-O 5.Bg5 c5 6.dxc5 Na6 7.e3 Nxc5 8.Bd3 h6
9.Bxf6 Qxf6 10.Ne2 b6 11.O-O Bb7 12.a3 Bxc3 13.Nxc3 Qg5 14.Ne4 Qg6 15.f3 Nxd3
16.Qxd3 d5 17.cxd5 Bxd5 18.Nf2 Qxd3 19.Nxd3 Rfd8 20.Nf4 Bb3 21.Rac1 Rd2 22.Rf2 Rad8
23.Rxd2 Rxd2 24.Rc7 Rxb2 25.Rxa7 b5 26.Nd3 Ra2 27.Nc5 Bc4 28.a4 h5 29.a5 h4
30.h3 b4 31.a6 b3 32.Rb7 b2 33.a7 Ra1+ 34.Kh2 Rxa7 35.Rxb2 Ra4 36.Ne4 Ba6
37.Rb8+ Kh7 38.Ra8 Ra2 39.Nc5 Bc4 40.Rxa2 Bxa2 41.Nd3 f6 42.f4 Bc4 43.Ne1 Bd5
44.Nd3 Kg6 45.g3 Kf5 46.Nf2 g5 47.e4+ Bxe4 48.g4+ Kxf4 49.Nd1 Bf3 50.Nc3 e5
51.Nb5 e4 52.Nd4 e3 53.Nc2 e2 54.Ne1 Be4 55.Kg1 Ke3 56.Nf3 Bxf3 57.Kh2 Bxg4  0-1

[Event "7th Balagne Open"]
[Site "Calvi FRA"]
[Date "2010.05.01"]
[Round "9"]
[White "Battaglini,G"]
[Black "Schnelzer,R"]
[Result "1-0"]
[WhiteElo "2417"]
[BlackElo "2260"]

1.d4 Nf6 2.c4 e6 3.Nc3 Bb4 4.Qc2 O-O 5.e4 c5 6.e5 cxd4 7.a3 dxc3 8.axb4 Ng4
9.Nf3 Nc6 10.Qxc3 Qc7 11.b5 Ncxe5 12.b6 Nxf3+ 13.gxf3 Qe5+ 14.Be2 Qxc3+ 15.bxc3 Ne5
16.Rxa7 Rb8 17.Ba3 Nc6 18.Bxf8 Kxf8 19.Ra4 d6 20.Kd2 e5 21.Rha1 Ke7 22.Ra8 Rxa8
23.Rxa8 Bd7 24.Ra7 Nd8 25.f4 Bc6 26.f5 g6 27.Bg4 f6 28.Ke3 Nf7 29.fxg6 hxg6
30.Bc8 Nd8 31.h4 Ke8 32.Ra8 Ke7 33.Rb8 Ke8 34.Be6 Ke7 35.Bd5 Bxd5 36.cxd5 Kd7
37.f4 f5 38.c4 e4 39.Kd4 Ke8 40.Rc8  1-0

[Event "ch-UKR"]
[Site "Alushta UKR"]
[Date "2010.05.10"]
[Round "8"]
[White "Omelja,A"]
[Black "Pavlov,Ma"]
[Result "1-0"]
[WhiteElo "2231"]
[BlackElo "2383"]

1.d4 Nf6 2.c4 e6 3.Nc3 Bb4 4.Qc2 O-O 5.a3 Bxc3+ 6.Qxc3 d5 7.Bg5 c5 8.dxc5 d4
9.Qg3 e5 10.Nf3 Nc6 11.b4 e4 12.Ne5 Be6 13.Rd1 h6 14.Nxc6 bxc6 15.Bxh6 Nh5
16.Qg5 Bxc4 17.g4 Qf6 18.gxh5 Qxh6 19.Qxh6 gxh6 20.Rxd4 Bd5 21.Rg1+ Kh7 22.Bh3 f5
23.Rg6 a6 24.Rd6 Rf7 25.R4xd5 cxd5 26.Rxd5 Raf8 27.Kd2 f4 28.c6 Re7 29.Rd7 Rff7
30.Kc3 e3 31.f3 Kg7 32.c7  1-0

[Event "ch-Commonwealth"]
[Site "Delhi IND"]
[Date "2010.05.11"]
[Round "3"]
[White "Chatterjee,D"]
[Black "Venkatesh,M"]
[Result "0-1"]
[WhiteElo "2266"]
[BlackElo "2452"]

1.d4 Nf6 2.c4 e6 3.Nc3 Bb4 4.Qc2 O-O 5.a3 Bxc3+ 6.Qxc3 d6 7.Bg5 Nbd7 8.f3 b6
9.e4 c5 10.Bd3 Ba6 11.Nh3 Rc8 12.d5 Ne5 13.O-O-O exd5 14.exd5 h6 15.Bf4 Nxd3+
16.Qxd3 b5 17.cxb5 c4 18.Qc3 Bxb5 19.g4 Rc5 20.g5 Nxd5 21.Rxd5 Rxd5 22.gxh6 Qf6
23.Rg1 Qxc3+ 24.bxc3 g6 25.Ng5 Re8 26.h4 Rf5 27.Bd2 Kh8 28.Ne4 Re6 29.Be3 Be8
30.Bd4+ f6 31.h5 Kh7 32.Ng3 Rxf3 33.hxg6+ Bxg6 34.Kd2 Rd3+  0-1

[Event "TCh-UKR Clubs"]
[Site "Alushta UKR"]
[Date "2010.05.16"]
[Round "5"]
[White "Zubarev,Al1"]
[Black "Guk,Ilja"]
[Result "1-0"]
[WhiteElo "2536"]
[BlackElo "2300"]

1.d4 Nf6 2.c4 e6 3.Nc3 Bb4 4.Qc2 O-O 5.e4 d5 6.e5 Ne4 7.a3 Bxc3+ 8.bxc3 c5
9.Bb2 cxd4 10.cxd4 Qa5+ 11.Ke2 f6 12.f3 Ng5 13.h4 Nf7 14.exf6 gxf6 15.Kf2 Nc6
16.cxd5 Qxd5 17.Bc4 Qd6 18.Ne2 Bd7 19.Qe4 f5 20.Qe3 Ne7 21.Nf4 Nd5 22.Bxd5 exd5
23.a4 Rfe8 24.Qd2 Qh6 25.Bc3 Bc6 26.Bb4 a5 27.Bc5 Nd8 28.Rh3 Ne6 29.Bd6 Nxf4
30.Bxf4 Qe6 31.Be5 Kf7 32.Rg3 Rg8 33.Rg5 h6 34.Rh5 Rxg2+ 35.Kxg2 Qg6+ 36.Rg5 hxg5
37.hxg5 Rg8 38.f4 Rc8 39.Rh1 Bxa4 40.Qxa5 Qc6  1-0

[Event "ch-CAT"]
[Site "Sabadell ESP"]
[Date "2010.05.18"]
[Round "2.2"]
[White "Alonso Rosell,A"]
[Black "Colon Garcia,E"]
[Result "1-0"]
[WhiteElo "2507"]
[BlackElo "2323"]

1.d4 Nf6 2.c4 e6 3.Nc3 Bb4 4.Qc2 O-O 5.a3 Bxc3+ 6.Qxc3 d5 7.cxd5 exd5 8.Bg5 h6
9.Bxf6 Qxf6 10.e3 c6 11.Nf3 Bf5 12.Bd3 Nd7 13.O-O Rfe8 14.b4 Be4 15.Nd2 Qg5
16.Nxe4 dxe4 17.Be2 Re6 18.Rfc1 Rae8 19.a4 Rg6 20.Bf1 Qh4 21.g3 Nf6 22.b5 Qh5
23.Qd2 Nh7 24.Qe2 Qf5 25.Rc5 Qd7 26.Bg2 Ng5 27.h4 Ne6 28.Re5 f5 29.bxc6 bxc6
30.Rxf5 Nxd4 31.Qa2+ Kh8 32.Rf7 Ne2+ 33.Kf1 Nxg3+ 34.fxg3 Qd6 35.Qf2 Rxg3
36.Kg1 Qg6 37.Rf1 Qg4 38.Rf8+ Rxf8 39.Qxf8+ Kh7 40.Qf5+ Qxf5 41.Rxf5 Rxe3
42.Rf4 Kg8 43.Bxe4 g5 44.hxg5 hxg5 45.Rg4 Kf7 46.Bxc6 Kf6 47.Kf2 Rc3 48.Bb5 Rc2+
49.Ke3 Rc3+ 50.Bd3 Ra3 51.Rc4 Ke5 52.Rg4 Kf6 53.Kd2 Ra2+ 54.Kc3 Ra3+ 55.Kc2 Ra2+
56.Kb3 Rd2 57.Kc3 Ra2 58.Kb4 Rd2 59.Kc3 Ra2 60.Bb5 Ra3+ 61.Kb4 Re3 62.Ka5 Re7
63.Rd4 Kf5 64.Rd7  1-0

[Event "Chladek & Tintera Open"]
[Site "Hradec Kralove CZE"]
[Date "2010.05.19"]
[Round "6"]
[White "Plischki,S"]
[Black "Loktiev,I"]
[Result "1/2-1/2"]
[WhiteElo "2381"]
[BlackElo "2225"]

1.d4 Nf6 2.c4 e6 3.Nc3 Bb4 4.Qc2 O-O 5.e4 d5 6.e5 Ne4 7.Bd3 c5 8.Nf3 cxd4
9.Nxd4 Nd7 10.Bf4 Ndc5 11.O-O Nxd3 12.Qxd3 Nxc3 13.bxc3 Ba5 14.Qg3 Kh8 15.Rad1 Bd7
16.cxd5 exd5 17.Rfe1 Rc8 18.Re3 Bb6 19.Bg5 Qe8 20.Qh4 Bxd4 21.Rxd4 Qe6 22.h3 Rc4
23.Rxc4 dxc4 24.Be7 Re8 25.Bc5 Qd5 26.Bxa7 Be6 27.Bd4 Ra8 28.Rg3 Qd8 29.Qxd8+ Rxd8
30.Re3 Ra8 31.Re2 h5 32.Rb2 Kh7 33.f3 h4 34.Be3 Kg6 35.Bf2 Ra3 36.Rxb7 Rxc3
37.Bxh4 Kf5 38.Be1 Rc1 39.Kf2 Rc2+ 40.Ke3 Rxg2 41.a4 Ra2 42.Bc3 Rxa4 43.Rb1 Ra3
44.Rc1 Ra2 45.Rg1 g5 46.h4 gxh4 47.f4 Bd5 48.Rg5+ Ke6 49.f5+ Kd7 50.Rh5 Rh2
51.Kd4 Rh3 52.Kxd5 Rxc3 53.Rxh4 Rf3 54.e6+ fxe6+ 55.fxe6+ Ke7 56.Rxc4 Rf5+  1/2-1/2

[Event "34th Open"]
[Site "Fourmies FRA"]
[Date "2010.05.23"]
[Round "3"]
[White "Houriez,C"]
[Black "David,Alb"]
[Result "0-1"]
[WhiteElo "2262"]
[BlackElo "2631"]

1.d4 Nf6 2.c4 e6 3.Nc3 Bb4 4.Qc2 O-O 5.a3 Bxc3+ 6.Qxc3 Qe8 7.g3 d6 8.Bg2 e5
9.e3 exd4 10.Qxd4 Nc6 11.Qd1 Ne5 12.b3 Bf5 13.Nf3 Nd3+ 14.Ke2 Ng4 15.Rf1 Nc5
16.Rg1 Bd3+ 17.Ke1 Be4 18.Ra2 b5 19.Rd2 bxc4 20.bxc4 Rb8 21.h3 Rb1 22.hxg4 Nb3
23.Ke2 Nxc1+ 24.Qxc1 Rxc1 25.Rxc1 Qa4  0-1

[Event "Municipality Cup"]
[Site "Tbilisi GEO"]
[Date "2010.05.23"]
[Round "9"]
[White "Kotanjian,T"]
[Black "Mchedlishvili,M"]
[Result "1-0"]
[WhiteElo "2522"]
[BlackElo "2630"]

1.d4 Nf6 2.c4 e6 3.Nc3 Bb4 4.Qc2 O-O 5.a3 Bxc3+ 6.Qxc3 d5 7.cxd5 Ne4 8.Qc2 exd5
9.Bf4 Nc6 10.e3 Re8 11.O-O-O Qh4 12.g3 Qe7 13.h4 Na5 14.Kb1 h6 15.Bd3 c5
16.Bxe4 Qxe4 17.Qxe4 dxe4 18.Ne2 Bg4 19.Rhe1 cxd4 20.exd4 Rac8 21.d5 Red8
22.Be3 b6 23.Rd4 Nb3 24.Ra4 Rxd5 25.Rxa7 Nd2+ 26.Ka1 Bxe2 27.Rxe2 Rc2 28.Ka2 b5
29.g4 Rd3 30.g5 hxg5 31.hxg5 Rb3 32.Bd4 Rd3 33.g6 fxg6 34.Bxg7 Rc1 35.Bc3 Rdxc3
36.Rxd2 Rd3 37.Re2 Rc4 38.Rb7 Rd5 39.f3 Re5 40.fxe4 g5 41.Rd2 Rc8 42.Rdd7 Rxe4
43.Rg7+ Kf8 44.Rxg5 b4 45.axb4 Ra8+ 46.Kb3 Re3+ 47.Kc4 Re2 48.Rh5 Kg8 49.Ra5 Rf8
50.Kb5 Rf5+ 51.Ka4 Rxb2 52.Ra8+ Rf8 53.Rxf8+ Kxf8 54.Rd7 Ke8 55.Rd4 Ra2+
56.Kb5 Ra7 57.Kb6 Ra4 58.Kc5 Ke7 59.Rd1  1-0

[Event "34th Open"]
[Site "Fourmies FRA"]
[Date "2010.05.24"]
[Round "7"]
[White "Houriez,C"]
[Black "Inkiov,V"]
[Result "0-1"]
[WhiteElo "2262"]
[BlackElo "2472"]

1.d4 Nf6 2.c4 e6 3.Nc3 Bb4 4.Qc2 O-O 5.a3 Bxc3+ 6.Qxc3 b6 7.Bg5 Bb7 8.f3 c5
9.dxc5 bxc5 10.e3 Nc6 11.Nh3 h6 12.Bh4 Qa5 13.Qxa5 Nxa5 14.b4 Nc6 15.Rb1 Rfc8
16.Bg3 cxb4 17.axb4 a5 18.b5 Nb4 19.Bd6 Ne8 20.Bxb4 axb4 21.Bd3 Nd6 22.O-O Nxc4
23.Rfe1 Ra4 24.Nf2 d5 25.e4 Na3 26.Rb2 Rc3 27.Ra1 Nc4 28.Rbb1 Rxa1 29.Rxa1 b3  0-1

[Event "XXIX Open A"]
[Site "Zalakaros HUN"]
[Date "2010.05.27"]
[Round "2"]
[White "Pataki,G"]
[Black "Berczes,D"]
[Result "1/2-1/2"]
[WhiteElo "2310"]
[BlackElo "2519"]

1.d4 Nf6 2.c4 e6 3.Nc3 Bb4 4.Qc2 O-O 5.a3 Bxc3+ 6.Qxc3 Qe8 7.b3 b6 8.f3 d5
9.e3 Nbd7 10.cxd5 Nxd5 11.Qc6 Rb8 12.e4 Bb7 13.Qc2 Ne7 14.Qxc7 Nc6 15.Bf4 e5
16.Bxe5 Ncxe5 17.dxe5 Nc5 18.e6 Qxe6 19.Bc4 Qf6 20.Rd1 Qc3+ 21.Kf2 Rbc8 22.Qe7 Nxb3
23.Bxb3 Qxb3 24.Ne2 Ba6 25.Nd4 Qb2+ 26.Kg3  1/2-1/2

[Event "XXIX Open A"]
[Site "Zalakaros HUN"]
[Date "2010.05.28"]
[Round "3"]
[White "Pataki,G"]
[Black "Meszaros,T"]
[Result "1-0"]
[WhiteElo "2310"]
[BlackElo "2434"]

1.d4 Nf6 2.c4 e6 3.Nc3 Bb4 4.Qc2 O-O 5.a3 Bxc3+ 6.Qxc3 d5 7.Bg5 c5 8.cxd5 cxd4
9.Qxd4 Nc6 10.Qf4 exd5 11.Bxf6 gxf6 12.Nf3 Re8 13.Rd1 Re4 14.Qd2 d4 15.g3 Qe7
16.Bg2 Bg4 17.Ng1 Re8 18.Bxe4 Qxe4 19.f3 Bxf3 20.Nxf3 Qxf3 21.Rg1 Re3 22.Qc2 Qd5
23.Rf1 Ne5 24.Qc8+ Kg7 25.Qf5 d3 26.Qxf6+ Kf8 27.Qh6+  1-0

[Event "XXIX Open A"]
[Site "Zalakaros HUN"]
[Date "2010.05.31"]
[Round "6"]
[White "Szabo,Ben"]
[Black "Kozak,Mi"]
[Result "1-0"]
[WhiteElo "2316"]
[BlackElo "2184"]

1.d4 Nf6 2.c4 e6 3.Nc3 Bb4 4.Qc2 O-O 5.a3 Bxc3+ 6.Qxc3 d5 7.Bg5 c5 8.cxd5 cxd4
9.Qxd4 Nc6 10.Qh4 exd5 11.Nf3 d4 12.b4 Bf5 13.Bxf6 gxf6 14.Qf4 Bc2 15.h4 Re8
16.Rh3 Re4 17.Rg3+ Kf8 18.Qh6+ Ke7 19.Nd2 Re6 20.Rc1 d3 21.Re3 Nd4 22.Rxe6+ Nxe6
23.Ne4 Qd4 24.exd3 Rc8 25.Be2 Qb2 26.Qd2 Nd4 27.Bd1 b6 28.b5 Kd8 29.Qf4 Rc7
30.Qxf6+ Ke8 31.Nd6+ Kd7 32.Bg4+  1-0

[Event "XXIX Open A"]
[Site "Zalakaros HUN"]
[Date "2010.06.01"]
[Round "7"]
[White "Gonda,L"]
[Black "Csonka,A1"]
[Result "1-0"]
[WhiteElo "2512"]
[BlackElo "2385"]

1.d4 Nf6 2.c4 e6 3.Nc3 Bb4 4.Qc2 O-O 5.e4 c5 6.e5 cxd4 7.a3 dxc3 8.axb4 Ng4
9.Nf3 Nc6 10.Ng5 f5 11.exf6 Nxf6 12.bxc3 d5 13.Be2 Ne5 14.cxd5 exd5 15.O-O h6
16.Nf3 Nxf3+ 17.Bxf3 Bg4 18.Bxg4 Nxg4 19.h3 Nf6 20.Be3 a6 21.Rfd1 Rc8 22.Bd4 Rc6
23.Qb3 Kh8 24.b5 axb5 25.Qxb5 Ne4 26.Qxb7 Rg6 27.Ra6 Rxg2+ 28.Kxg2 Qg5+ 29.Kh1 Nxf2+
30.Bxf2 Rxf2 31.Qc8+ Kh7 32.Qg4  1-0

[Event "Maia Chiburdanidze Cup"]
[Site "Tbilisi GEO"]
[Date "2010.06.02"]
[Round "8"]
[White "Galojan,L"]
[Black "Khurtsidze,N"]
[Result "0-1"]
[WhiteElo "2402"]
[BlackElo "2448"]

1.d4 Nf6 2.c4 e6 3.Nc3 Bb4 4.Qc2 O-O 5.a3 Bxc3+ 6.Qxc3 b6 7.Bg5 Bb7 8.e3 d6
9.Ne2 Nbd7 10.Qc2 c5 11.Rd1 Qe7 12.Nc3 cxd4 13.Rxd4 Rfd8 14.Be2 h6 15.Bh4 e5
16.Rd2 Bxg2 17.Rg1 Bc6 18.Qf5 Kh8 19.f3 Nf8 20.Bxf6 Qxf6 21.Qxf6 gxf6 22.Kf2 Rd7
23.Rgd1 Rad8 24.Bd3 Kg7 25.Bf5 Ne6 26.Nd5 Rb7 27.Rg1+ Kf8 28.Nxf6 Ng5 29.e4 Rbb8
30.h4 Ne6 31.Bxe6 fxe6 32.Rg6 Ke7 33.Ng4 h5 34.Rg7+ Kf8 35.Rc7 Rbc8 36.Rxc8 Rxc8
37.Ne3 Ke7 38.Rd1 Rf8 39.Kg3 b5 40.Rd2 bxc4 41.Nxc4 Bb5 42.Ne3 Rc8 43.Nd1 Rc1
44.f4 exf4+ 45.Kxf4 Bc6 46.Nf2 Rc4 47.b3 Rc3 48.Rd3 Rc2 49.Kf3 a5 50.Nh3 e5
51.Nf2 Ra2 52.Rc3 Kd7 53.a4 Rb2 54.Nh1 d5 55.Ng3 d4 56.Rd3 Rh2 57.Nf5 Rh3+
58.Ke2 Rh1 59.Rg3 Bxe4 60.Rg5 Rh2+ 61.Kd1 Bf3+ 62.Kc1 d3 63.Ne3 d2+ 64.Kb1 Re2  0-1

[Event "XXIX Open A"]
[Site "Zalakaros HUN"]
[Date "2010.06.03"]
[Round "9"]
[White "Kantor,G"]
[Black "Eperjesi,L"]
[Result "1/2-1/2"]
[WhiteElo "2041"]
[BlackElo "2203"]

1.d4 Nf6 2.c4 e6 3.Nc3 Bb4 4.Qc2 O-O 5.a3 Bxc3+ 6.Qxc3 d6 7.Bg5 Nbd7 8.e3 Qe8
9.Bd3 e5 10.Ne2 h6 11.Bh4 a5 12.O-O e4 13.Bc2 Nh7 14.f3 f5 15.fxe4 fxe4 16.Qd2 Ndf6
17.Bg3 b6 18.Nc3 Bd7 19.Rf4 g5 20.Rff1 Qe7 21.b4 Be8 22.d5 Bg6 23.Qd4 Rf7
24.Rf2 axb4 25.Nb5 bxa3 26.Rxa3 Rxa3 27.Nxa3 Nd7 28.Rxf7 Kxf7 29.Nb5 Nc5
30.Qh8 Nf6 31.h3 h5 32.Be1 Ne8 33.Bc3 Qf8 34.Qd4 Ke7 35.Qd2 Kd7 36.Bd4 Qf5
37.Nc3 Nf6 38.Qf2 Qxf2+ 39.Kxf2 Ke7 40.Nb5 Na6 41.Nc3 Nc5 42.Nb5 Na6 43.Nc3 Nc5  1/2-1/2

[Event "Aberto do Brasil"]
[Site "Fortaleza BRA"]
[Date "2010.06.04"]
[Round "2"]
[White "Lima,Da"]
[Black "Lima Neto,Pedro"]
[Result "1-0"]
[WhiteElo "2492"]
[BlackElo "2010"]

1.d4 Nf6 2.c4 e6 3.Nc3 Bb4 4.Qc2 O-O 5.e4 c5 6.e5 Ne8 7.a3 cxd4 8.axb4 dxc3
9.bxc3 d5 10.Nf3 h6 11.h4 Nc6 12.b5 Ne7 13.c5 Bd7 14.Ba3 Nc7 15.Nd4 Re8 16.Bd3 a6
17.b6 Nb5 18.Bb4 Nc6 19.Nxc6 Bxc6 20.Qe2 d4 21.c4 Nc3 22.Qg4 f5 23.exf6 Qxf6
24.O-O Rad8 25.f4 Re7 26.Rae1 Na4 27.Rf2 a5 28.Ba3 Nc3 29.Re5 Ree8 30.Rf1 Na2
31.Rfe1 Nb4 32.Bxb4 axb4 33.Rxe6 Rxe6 34.Rxe6 Bd7 35.Rxf6 Bxg4 36.Rd6 Rc8
37.c6 bxc6 38.c5 Kf8 39.Rxd4 b3 40.Rb4  1-0

[Event "Copper State Int B"]
[Site "Mesa USA"]
[Date "2010.06.04"]
[Round "1"]
[White "Holt,C"]
[Black "Harmon,L"]
[Result "1/2-1/2"]
[WhiteElo "2375"]
[BlackElo "2062"]

1.d4 Nf6 2.c4 e6 3.Nc3 Bb4 4.Qc2 O-O 5.e4 d6 6.Bd3 e5 7.Ne2 Re8 8.O-O Nbd7
9.Nd5 Nxd5 10.exd5 exd4 11.Bxh7+ Kh8 12.Nxd4 Qh4 13.Nb5 Ba5 14.Bd3 a6 15.Nc3 Ne5
16.Be2 Bg4 17.Bf4 Bxe2 18.Nxe2 Ng6 19.Be3 Re5 20.h3 Rae8 21.Nd4 Qh5 22.Qd1 Qxd1
23.Rfxd1 Re4 24.Rac1 Bb6 25.Kf1 Kg8 26.Nf5 Bxe3 27.Nxe3 b6 28.Rc3 Nf4 29.b4 g6
30.h4 Nh5 31.Ra3 Rxh4 32.g3 Rhe4 33.Kg2 f5 34.Rxa6 Nxg3 35.Ra7 R8e7 36.c5 Nh5
37.cxd6 cxd6 38.Rxe7 Rxe7 39.Rd4 b5 40.Nc2 Ra7 41.Rh4 Nf6 42.Nd4  1/2-1/2

[Event "Aberto do Brasil"]
[Site "Fortaleza BRA"]
[Date "2010.06.06"]
[Round "7"]
[White "Okamura,M"]
[Black "Lima,Da"]
[Result "0-1"]
[WhiteElo "2170"]
[BlackElo "2492"]

1.d4 Nf6 2.c4 e6 3.Nc3 Bb4 4.Qc2 O-O 5.Bg5 c5 6.a3 Qa5 7.Bxf6 gxf6 8.e3 Bxc3+
9.Qxc3 Qxc3+ 10.bxc3 b6 11.Be2 Bb7 12.Nf3 Nc6 13.O-O Na5 14.Nd2 Rac8 15.Rfc1 Rc7
16.Rc2 Rfc8 17.Rac1 f5 18.f3 Kf8 19.Kf2 Ke7 20.Bd3 Ba6 21.Ke2 d5 22.Kf2 cxd4
23.exd4 Bxc4 24.Bxc4 Nxc4 25.Nxc4 Rxc4 26.Ke3 Ra4 27.Ra1 f4+ 28.Kd3 h5 29.Re2 Rg8
30.Raa2 h4 31.h3 f6 32.Reb2 e5 33.Rb4 e4+  0-1